American Fairy Tales /
First published in 1901 'American Fairy Tales' by L. Frank Baum is a collection of twelve short fantasy stories for children by the famous Oz author. Stories in the collection include, 'The Magic Bon-Bons', 'The Box of Robbers' and 'The Glass Dog'. Full of mag...
Uloženo v:
| Hlavní autor: | |
|---|---|
| Médium: | E-kniha |
| Jazyk: | Czech |
| Vydáno: |
Praha :
Saga Egmont,
2021
|
| Tagy: |
Žádné tagy |
| LEADER | 01254nam a22002297i 4500 | ||
|---|---|---|---|
| 001 | 312053 | ||
| 007 | ta | ||
| 008 | 260601s2021 xr ||||| |||| 00| 0 cze d | ||
| 020 | |a 9990003837608 | ||
| 044 | |a xr | ||
| 100 | 1 | |a Baum, L. Frank |4 aut | |
| 245 | 1 | 0 | |a American Fairy Tales / |c Baum, L. Frank |
| 264 | 1 | |a Praha : |b Saga Egmont, |c 2021 | |
| 300 | |a 1 online zdroj (100 stran) | ||
| 336 | |a text |b txt |2 rdacontent | ||
| 337 | |a bez média |b n |2 rdamedia | ||
| 338 | |a online zdroj |b cr |2 rdacarrier | ||
| 520 | 2 | |a First published in 1901 'American Fairy Tales' by L. Frank Baum is a collection of twelve short fantasy stories for children by the famous Oz author. Stories in the collection include, 'The Magic Bon-Bons', 'The Box of Robbers' and 'The Glass Dog'. Full of magic, excitement, and adventure, this is a wonderful collection of Baum's quirky and humorous fairy tales. | |
| 910 | |a RBIT002 | ||
| 998 | |d 383760 |a https://core.palmknihy.cz/api/books/383760/cover?s2abih |b https://core.palmknihy.cz/api/books/383760/cover/400?s2abih |c https://core.palmknihy.cz/api/books/383760/cover/50?s2abih |e |g 100 |i 9990003837608 |j https://core.palmknihy.cz/api/books/383760/preview.epub |l |q 49 |r 1 |s https://www.palmknihy.cz/kniha/383760 |t ebook |y 2021 |z 1 | ||
| 999 | |d 312051 | ||